|
|
|
|
| LEADER |
00000nkm a2200000 a 4500 |
| 001 |
vtls001478314 |
| 003 |
SK-MaSNL |
| 005 |
20260302020612.0 |
| 008 |
230706s2004 xo 0| slo |
| 015 |
|
|
|a SNBA2004/08-04788
|
| 020 |
|
|
|a 8071458651
|
| 035 |
|
|
|a SNK000433614
|
| 035 |
|
|
|a urn:nbn:sk:snk-km3lpn2
|
| 035 |
|
|
|a 26380F1B-D5EC-471F-A3F1-A67A896D0604
|
| 035 |
|
|
|a urn:nbn:sk:snk-km00c8ob
|
| 040 |
|
|
|a SNK
|b slo
|c SNK
|e AACR2
|
| 041 |
0 |
|
|a slo
|
| 044 |
|
|
|a xo
|c SK
|
| 072 |
|
7 |
|a 51
|x Matematika
|2 konspekt
|
| 072 |
|
7 |
|a 373.2/.3
|x Predškolská a primárna výchova a vzdelávanie
|2 konspekt
|
| 080 |
|
|
|a 51
|2 1981
|
| 080 |
|
|
|a 159.955
|2 1981
|
| 080 |
|
|
|a 373.2
|2 1981
|
| 080 |
|
|
|a (076.1)
|2 1981
|
| 080 |
|
|
|a (0.053.2)
|2 1981
|
| 100 |
1 |
|
|a Patilla, Peter
|4 aut
|9 311918
|
| 240 |
1 |
0 |
|a Maths (ages 4 - 5)
|l Slovensky
|
| 245 |
1 |
|
|a Hviezda v matematike
|b pre deti od 4 do 5 rokov
|c Peter Patilla ; [ilustrácie: Simon Abbott ; z anglického originálu preložila Daniela Marsinová ml.]
|
| 250 |
|
|
|a 1. slov. vyd.
|
| 260 |
|
|
|a Bratislava
|b Slovart
|c 2004
|
| 300 |
|
|
|a 32 s.
|b fareb. ilustr.
|c 27 cm
|
| 490 |
1 |
|
|a Zlaté hviezdy
|
| 650 |
0 |
7 |
|a matematika
|x úlohy
|2 SNKPH
|9 307001
|
| 650 |
0 |
7 |
|a rozvoj myslenia
|2 SNKPH
|9 3967
|
| 650 |
0 |
7 |
|a predškolská výchova
|2 SNKPH
|9 3959
|
| 655 |
|
7 |
|a pracovné zošity
|2 SNKPH
|9 70188
|
| 655 |
|
7 |
|a publikácie pre deti
|2 SNKPH
|9 70148
|
| 700 |
1 |
|
|a Abbott, Simon,
|d 1967-
|4 ill
|9 208945
|
| 700 |
1 |
|
|a Marsinová, Daniela
|c (mladšia)
|4 trl
|9 263420
|
| 830 |
|
0 |
|a Zlaté hviezdy
|9 316116
|
| 852 |
|
|
|a Slovenská národná knižnica
|
| 919 |
|
|
|a 80-7145-865-1
|
| 958 |
|
|
|a GBN
|
| 958 |
|
|
|a OND
|
| 968 |
|
|
|b ENG
|d 37
|
| 999 |
|
|
|c 1025762
|d 1027692
|
| 952 |
|
|
|t P60, <04>, [BOOK], {604}
|a SNK
|b SNK
|y VYP
|7 0
|p 17A0434913
|o snkSB 68877 D1
|i snkKSP 9240/2004
|0 0
|1 0
|4 0
|d 2004-07-13
|l 0
|r 2005-01-02 00:00:00
|w 2026-02-24
|
| 952 |
|
|
|t P60, <03>, [BOOK], {603}
|a SNK
|b SNK
|y PREZ
|7 0
|p 17A0434906
|o snkSB 68877
|i snkKSP 9239/2004
|0 0
|1 0
|4 0
|d 2004-07-13
|f 1
|l 0
|r 2025-04-23 00:00:00
|w 2026-02-24
|